2023 Calendrier de l'Avent 2 : Trouvez l'intrus - Statistiques

Statistiques générales
  • Ce quiz a été pris 71 fois
    45 depuis la dernière actualisation
  • Le résultat moyen est 18 sur 24
Statistiques - réponses
Mots Instrus % Correct
Bonnet - Pantalon - Bottes - Gong - Ceinture Gong
100%
Crèche - Bergers - Jésus - Etoile - Pilate Pilate
97%
Avant - Calendrier - Fenêtres - 24 - Cadeaux Avant
95%
Fève - Rois - Sapin - Frangipane - Couronne Sapin
95%
Cadeau - Présent - Etrenne - Paquet - Boule Boule
87%
Noël - Lutin - Boule - Sapin - Bûche Noël
87%
Balthazar - Encens - Or - Gaspard - Léonard Léonard
74%
Traineau - Renne - Ciel - Rudolphe - Mule Mule
74%
Aiguilles - Tronc - Vert - Houppier - Feuilles Vert
74%
Finlande - Jouets - Bonbons - Lutins - Fabrique Bonbons
72%
Gabriel - Mireille - Raphaël - Michaël - Samuel Mireille
72%
Mensuelle - Abeille - Nouvelle - Irréelle - Artificiel Abeille
69%
Cyclone - Tornade - Eclair - Cométe - Furie Cyclone
69%
Houx - Gui - Muguet - Poinsettia - Hellebore Muguet
69%
Boule - Guirlande - Bougie - Boule à neige - Etoile Boule à neige
67%
Epicéa - Copal - Manguier - Chêne - Epinette Chêne
67%
Petit - Ordure - Bonnet - Crosse - Barbe Crosse
67%
Renne - Eléphant - Ane - Mule - Cheval Elephant
67%
Feu d'artifice - Crèche - Sapin - Messe - Réveillon Feu d'artifice
67%
Dinde - Marrons - Galette - Bûche - Foie gras Galette
67%
Barbe - Nicolas - Georges - Luce - Etienne Georges
64%
Drosselmeyer - Clara - Fritz - Franz - Casse-noisette Franz
62%
Godt nytår - Feliz Navidad - Buon natale - God Jul - Vrolijk Kerstfeest Godt nytår
59%
Weihnachtsmann - Subho baradin - Djed Mraz - Babbo Natale - Mikulás Subho baradin
54%
Aucun quiz correspondant
Distribution des résultats
% des personnes avec chaque résultat
Percentile par nombre de réponses
Votre historique - résultats
Vous n’avez pas pris ce quiz depuis la dernière actualisation